000 01190cam a2200325 a 4500
001 3106
003 FISKH
005 20240206145019.0
008 910226r19911971cauab j b 000 0 eng
010 _a 91002795
020 _a0152016554 :
040 _aDLC
_cDLC
_dDLC
_beng
042 _alcac
043 _an-us-hi
050 1 0 _aD767.92
_b.T39 1991
082 0 0 _a940.54/26
_220
100 1 _aTaylor, Theodore,
_d1921-2006.
245 1 0 _aAir raid--Pearl Harbor! :
_bthe story of December 7, 1941 /
_cTheodore Taylor.
250 _aFirst Scholastic printing, March 2006
260 _aNew York :
_bScholastic,
_c1971
300 _a191 pages :
_bmaps ;
_c20 cm
520 _aExamines from both the American and Japanese points of view the political and military events leading up to the attack on Pearl Harbor.
650 0 _aPearl Harbor (Hawaii), Attack on, 1941
_xJuvenile literature.
650 1 _aPearl Harbor (Hawaii), Attack on, 1941.
650 1 _aWorld War, 1939-1945
_xCauses.
651 1 _aJapan
_xForeign relations
_zUnited States.
651 1 _aUnited States
_xForeign relations
_zJapan.
906 _a7
_bcbc
_corignew
_d1
_eocip
_f19
_gy-gencatlg
942 _2ddc
_cBK
_n0
999 _c3106
_d3106